01359nam a2200241 i 4500003000900000005001700009007000300026008004100029040003000070082001300100245016800113264005400281300004300335336002700378337003400405338002800439500044900467590002700916910001400943942001400957952012900971999001701100DO-SdBNP20240916142425.0ta240916s2022 dr a 000 0 spa d aDO-SdBNPbspacBNPHUerda bD53622210aDiagnóstico sobre la situación de las personas con discapacidad y su inclusión en el sistema de protección en República Dominicana :bresumen ejecutivo / 1aSanto Domingo :b[editor no identificado],c2022. a42 páginas, bilustracionesc28 cm. 2rdacontentatextobtxt 2rdamediaasin mediación bn 2rdacarrieravolumenbnc aEste estudio se realizó en el marco del proyecto "Avanzando por una protección social inclusiva con las personas con discapacidad ante crisis sistémicas y COVID 19", implementado por la Red Iberoamericana de Entidades de Personas con Discapacidad Física (LA RED), el Círculo de Mujeres con Discapacidad (CIMUDIS), la Fundación Dominicana de ciegos (FUDCI), y la Asociación de Personas con Discapacidad Físico Motora (ASODIFIMO). aInventariado, 2024/ YL aYLockward 2ddccLBS1 00102ddc51708PDaBNPHUbBNPHUcCTd2024-02-06eDeposito Legall0oBNPHU PD D536p2024-5363r2024-09-16w2024-09-16yLBS1 c57694d57694